000 00530nmm a2200157Ia 4500
008 251105s9999||||xx |||||||||||||||||und||
041 _aspa
100 _aRodríguez, Gloria Amparo
245 0 _aDe la consulta previa al consentimiento libre, previo e informado a pueblos indígenas en Colombia
264 _a[Bogotá, Colombia] :
_bUniversidad del Rosario,
_c2017
300 _a160 páginas
490 _aTextos de Jurisprudencia
650 _aLaw
856 _uhttps://public.digitaliapublishing.com/a/48623
942 _cCF
999 _c100843
_d100843